Statistics for Herrin High School Staff

Click here to take the quiz!

General Stats

  • This quiz has been taken 4 times
  • The average score is 34 of 93

Answer Stats

DepartmentStaff% Correct
Special EdAlec Smith
100%
OfficeAmy Williams
100%
LibraryBeth Johnson
100%
Social StudiesDan Johnson
100%
ScienceEric Johns
100%
EnglishJamie Wilson
100%
AdministrationJeff Johnson
100%
Special EdMargaret Williams
100%
SubstituteMrs. Jones
100%
ScienceStacy Jones
100%
Special EdTerri Smith
100%
CTEAmber George
67%
AdministrationAndrew Anderson
67%
CTEBart Baldwin
67%
Fine ArtsBrad Moore
67%
CTEBrittany Thompson
67%
Special EdChris Roberts
67%
Special EdKen Hill
67%
CafeteriaNicole Brown
67%
AdministrationStephanie Allen
67%
Phys EdAdam Harrison
33%
CounselingAlicia Loucks
33%
EnglishAmanda Hickman
33%
ScienceAmanda Lach
33%
EnglishAmanda Wheaton
33%
Fine ArtsBrooks Bleyer
33%
OfficeCarrie Gross
33%
CounselingCathy Shelton
33%
Social StudiesCharlie Howard
33%
CTEChristie Collins
33%
CTEDalton James
33%
OfficeDanielle Emling
33%
CafeteriaDebbie Cole
33%
EnglishEric Ewell
33%
CounselingFranciene Sabens
33%
SubstituteFroggy
33%
ACRHap Joliff
33%
Special EdJames Elliot
33%
CTEJamie Ford
33%
Phys EdJason Karnes
33%
Fine ArtsJene Simmons
33%
Phys EdJohn Sims
33%
Fine ArtsJ.T. Lewis
33%
CTEJustin Barrington
33%
LanguageJustin Recuero
33%
Special EdKathy Throgmorton
33%
Social StudiesKelsey Lewis
33%
CTEKevin Dunaway
33%
Special EdKirsten Alexander
33%
MathKyle Harlow
33%
EnglishLindsey Bush
33%
MathMaegan Howerton
33%
ScienceMatt Hall
33%
MathMeredith Torbeck
33%
LanguageMichaelann Stanley
33%
CTEMissy Webb
33%
SubstituteMs. Prudent
33%
MathNick Baskin
33%
NursingNicole McEntire
33%
MathRachel Bonifield
33%
Phys EdRob Tate
33%
AdministrationRob Wrolson
33%
Social StudiesRyan Pappenfuss
33%
EnglishSami Goetting
33%
Phys EdSayler Shurtz
33%
CTEShelly Ohms
33%
SubstituteStanley Ezell
33%
MathSydney Apgar
33%
EnglishTammy Pullum
33%
CounselingTracy Cornelius
33%
LanguageVanessa Estes
33%
Special EdAndrea Jackson
0%
OfficeAngie Helfrich
0%
Special EdArilyn Sullivan
0%
CustodianBilly Woodis
0%
OfficeCaleb Trexler
0%
CafeteriaCarla Yates
0%
Special EdDawn Kerrigan
0%
Special EdErica Cowan
0%
CustodianJimmy Humphrey
0%
CustodianJustin Etherton
0%
Special EdKasey Raben
0%
Special EdKayla Bower
0%
Special EdKristal McPheron
0%
CafeteriaLori Bishop
0%
Special EdLori Mohr
0%
CustodianRicky Damico
0%
CustodianRyan Colombo
0%
CTESarai Yates
0%
Special EdSteve Priest
0%
Special EdTaylor Perry
0%
CafeteriaValerie Blake
0%
Special EdZoe Buchanan
0%

Score Distribution

Percentile by Number Answered

Percent of People with Each Score

Your Score History

You have not taken this quiz